Magic: The Gathering (MTG) Pauper Ban List - Statistics

General Stats
  • This quiz has been taken 108 times
    31 since last reset
  • The average score is 18 of 32
Answer Stats
Year Banned Description Answer % Correct
2013 land, tap for 1 mana for each locus you control Cloudpost
92%
2013 storm, deal 1 damage Grapeshot
92%
2015 delve, draw 3 cards Treasure Cruise
92%
2019 pay 2 life instead of the cost: look at opponents hand, draw a card Gitaxian Probe
85%
2023 1/2 with haste and prowess Monastery Swiftspear
85%
2019 bounce an island instead of paying the cost: counter a spell unless they pay 1 Daze
81%
2013 storm, make 2 goblin tokens Empty the Warrens
81%
2024 aura that gives +1/+1 for each enchantment and artifact you control All that Glitters
77%
2021 storm, make a squirrel token Chatterstorm
73%
2019 bounce 2 islands instead of paying the cost, draw 2 cards Gush
73%
2019 for this turn, your islands tap for an extra blue mana High Tide
73%
2019 target player discards 2 random cards Hymn to Tourach
73%
2008 equipped creature gets +x/+0 where x is the number of artifacts you control Cranial Plating
69%
2011 draw 2, discard 2, untap 3 lands Frantic Search
65%
2020 land, if you control three islands then etb you get an instant or sorcery from your graveyard on top of your deck Mystic Sanctuary
62%
2019 snow artifact that draws a card on etb, and can change 1 color of mana to snow mana Arcum's Astrolabe
58%
2019 2 black for a land destruction sorcery Sinkhole
54%
2016 flying fairy, etb: untap 2 lands, cycling 2 Cloud of Faeries
50%
2016 flying dragon, etb: untap 5 lands Peregrine Drake
50%
2022 sac an artifact to give this creature +2/+2 this turn Atog
46%
2022 blue bird rogue that gives you the initiative Aarakocra Sneak
42%
2013 if you control a forest, you can cast this spell for free and your opponent gains 3 life. target creature gets +4/+4 until end of turn Invigorate
42%
2021 7 mana affinity for artifacts 4/4, artifact landcycling for 2 Sojourner's Companion
38%
2022 when an artifact goes to your graveyard from your battlefield, target opponent loses 1 life Disciple of the Vault
35%
2022 2 mana artifact. etb: draw a card. can change the color of 1 mana Prophetic Prism
35%
2022 3 mana artifact. can change the color of 1 mana. for 4 mana and tapping: everyone who controls a copy of this card draws a card Bonder's Ornament
31%
2022 storm, exile the top card of your deck: you can play it until next turn Galvanic Relay
31%
2013 storm, return target permanent to its owner's hand Temporal Fissure
27%
2021 aura that only lets a creature untap if its controller is the monarch Fall from Favor
19%
2022 red dragon bard that gives you the initiative Stirring Bard
19%
2022 black dwarf barbarian that gives you the initiative Vicious Battlerager
19%
2022 black lizard warrior that gives you the initiative Underdark Explorer
15%
No matching quizzes found
Score Distribution
Percent of People with Each Score
Percentile by Number Answered
Your Score History
You have not taken this quiz since the last reset